000 02877nam a22004217a 4500
003 dpl
005 20100322160937.0
007 DVD
008 050907s2005 cau105 g 00| 0 eng d
010 _aDVD-007247-7255
024 _c99.00
035 _aDVD-007247-7255
040 _aDPL
_cDPL
092 _aDVD THEL
245 _aThe Legend II
_h[videorecording] DVD /
_cDiskovery Video & laser Co. Pvt. Ltd. Presents
260 _bDiskovery Video
300 _a2 videocassette (VCD);
_bsd., col. ;
_c4-3/4 in.
_fVCD
440 _aDiskovery Video
538 _aDolby digital 5.1, English
538 _aThis is a Videio CD with digital audio, full Motion video and Play Back Controls Suitable for Video CD, LD, DVD Player and Multimedia PCs with MPEG card.
650 _aMotion Picture
700 _aJet Li
700 _aFong Sai Yuk
700 _aJosephine Siao
700 _aAdam Cheng
700 _aMichele Reis
942 _cCF
_2ddc
_hDVD
_mTHEL
999 _c34834
_d34834